| 000 | 00739nab a2200193 4500 | ||
|---|---|---|---|
| 001 | 244442 | ||
| 003 | OSt | ||
| 005 | 20240625080641.0 | ||
| 007 | tu | ||
| 008 | 200917s2020||||||| | ||
| 040 |
_aDE-2950 _cDE-2950 |
||
| 245 | 0 | 0 |
_aEhemaliges Krankenhaus wird Wohnheim für Studenten _bInnenstadt. Aus dem alten Krankenhaus in der Heilbronner Straße in Frankfurt soll ein Studentenwohnheim werden. Darin sind sich Stadt, Uni, Studentenwerk und das Land inzwischen einig. Was genau geplant ist/ _cSelim Pekel |
| 264 | _c2024 | ||
| 653 | _aFrankfurt (Oder) | ||
| 653 | _aEuropauniversität | ||
| 653 | _aAltes Krankenhaus | ||
| 773 | 0 |
_g35. Jahrgang (2024) Nr. 126 vom 01.06.2024, S. 15 mit Foto _tMärkische Oderzeitung |
|
| 942 |
_2z _cA |
||
| 999 |
_c373192 _d373192 |
||